000 00646nam a2200181Ia 4500
008 100920s9999 xx 000 0 und d
082 _b90342
_a30 ढ 96
100 _aओक वामन दाजी.
245 _aकवितासंग्रह.
260 _bजावजी तुकाराम,निर्णयसागर छापखाना.
_c1896
300 _a189
_bसाधी
365 _b1.25
520 _aदुर्मिळ ग्रंथ.
630 _aकवितासंग्रह.
650 _aदुर्मिळ ग्रंथ.
730 _aकवितासंग्रह.
942 _cBOOK
999 _c730832
_d730829